The picture Bible. (Record no. 3448)

000 -LEADER
fixed length control field 00651nam a2200193 a 4500
001 - CONTROL NUMBER
control field :::00001179$&:&@@
003 - CONTROL NUMBER IDENTIFIER
control field OkBaRHE
005 - DATE AND TIME OF LATEST TRANSACTION
control field 20000607103242.0
008 - FIXED-LENGTH DATA ELEMENTS--GENERAL INFORMATION
fixed length control field s1989 j 000 0 eng u
040 ## - CATALOGING SOURCE
Transcribing agency
100 1# - MAIN ENTRY--PERSONAL NAME
Personal name Hoth, Iva.
245 14 - TITLE STATEMENT
Title The picture Bible.
Statement of responsibility, etc Script by Iva Hoth ; illustrations by Andre Le Blanc.
260 ## - PUBLICATION, DISTRIBUTION, ETC. (IMPRINT)
Place of publication, distribution, etc Elgin, IL., :
Name of publisher, distributor, etc Chariot Books
Date of publication, distribution, etc 1989
300 ## - PHYSICAL DESCRIPTION
Extent ca. 800 p. : col. illus. ;
Dimensions 23 cm.
650 ## - SUBJECT ADDED ENTRY--TOPICAL TERM
Topical term or geographic name as entry element Bible
General subdivision Comic Books, Strips, etc.
700 ## - ADDED ENTRY--PERSONAL NAME
Personal name Le Blanc, Andre, 1921- , Illus.
942 ## - ADDED ENTRY ELEMENTS (KOHA)
Source of classification or shelving scheme
Koha item type Books
Copies
Withdrawn status Lost status Copy number Permanent Location Source of classification or shelving scheme Koha item type Shelving location Damaged status Price effective from Full call number Not for loan Date last seen Barcode Date acquired
  1RHEMA Bible Training College BooksGeneral Stacks 2010-04-14BS 551.2 .H685 2018-02-2011792010-04-14